000 00211nam a2200109Ia 4500
100 _aCRUMLISH/CHRISTIAN.
942 _cBK
245 _aABC OF THE INTERNET.
260 _b#N/A
546 _aENGLISH
999 _c30582
_d30582